00528nam a2200193 a 4500001001300000003000900013005001700022008004100039020000900080082001800089100002400107245005700131260004800188300000900236500003500245505001300280650001600293650002500309nice12345678IN_TiNIC20260116012817.0050524s1985 newa grp 000 0 eng  ac9500a954.2058bMIC aMichand, Joseph Par aHistory of Mysoreb Under Hyder Ali and Tipoo Sultan aNew DelhibAsian Educational Servicesc1985 a190p aincludes index and biblioraphy2 aAppendix aTipu Sultan aIndia-History Mysore